Estatísticas para Cultura Geral

Clique aqui para jogar o quiz

Estatísticas Gerais

  • Esse quiz foi jogado 13 vezes
  • A pontuação média é 6 de 15

Estatísticas das Respostas

HintResposta% Correto
Que nome damos ao instrumento que diz as horas?Relógio
100%
Que peça de roupa calça ou veste o pé, a fim de aquecê-lo ou protegê-lo do contato direto com o calçado?Meia
83%
Que nome damos a uma aeronave que necessita de asas fixas e motores para se sustentar no ar?Avião
75%
Que nome damos a pessoas que escrevem programas de computador?Programador
75%
Que nome damos á interpretação do significado de um texto e produção do mesmo em outro idioma?Tradução
58%
Que nome damos a um produto de trabalho da fase de testes e/ou planejamento de um projeto?Protótipo
50%
Que nome damos a uma pequena arma branca, de lâmina curta, estreita, penetrante e cortante, e cabo em forma de cruz?Punhal
42%
Que nome damos a dilatações ou tortuosidades das veias superficiais do corpo?Variz
42%
Que nome damos a um item decorativo que suplementa ou enfeita o vestuário de uma pessoa?Acessório
25%
Que nome damos a uma sequência finita de ações executáveis que visam obter uma solução para um determinado tipo de problema?Algoritmo
17%
Que nome damos ao desporto praticado por duas equipes de nove jogadores, que alternadamente ocupam as posições de ataque e defesa?Basebol
17%
Que nome damos a qualquer narrativa no âmbito da prosa literária em que haja conflito ou atrito?Drama
17%
Que nome damos a um conjunto de técnicas para instrospeção e foco da atenção?Meditação
17%
Que nome damos a um dispositivo que capta e converte energia mecânica e térmica contida num fluido em trabalho d'eixo?Turbina
17%
Que nome damos a uma máquina móvel que transporta pessoas, animais ou cargas?Veículo
8%

Distribuição das Pontuações

Percentil de Números Respondidos

Porcentagem de Pessoas com Cada Pontuação

Sua Pontuação Histórica

Você não jogou esse quiz